Statystyki dla Tom Hanks - filmy

Kliknij tutaj aby rozwiązać quiz!

Ogólne statystyki

  • Ten quiz został rozwiązany 119 razy
  • Średni wynik to 10 z 29

Statystyki odpowiedzi

OpisRok wydaniaFilm% Poprawnych
Strażnik więzienny poznaje historię afroamerykańskiego więźnia, oskarżonego o zabójstwo pary młodych dziewczyn. Zaczyna u niego odkrywać pewne nadnaturalne zdolności.1999Zielona mila
88%
Historia chłopaka, który mimo przeciwności losu - w postaci niedowładu kończyn i niskiego ilorazu inteligencji - staje się m. in. miliarderem, mistrzem świata w grze w ping ponga oraz bohaterem wojny w Wietnamie.1994Forrest Gump
85%
Kapitan oddziału wysyła grupę swoich niedościgłych żołnierzy, aby uratować młodego szeregowca, którego wszyscy brania zginęli w boju.1998Szeregowiec Ryan
81%
Inżynier firmy kurierskiej jest jedynym ocalałym z katastrofy lotniczej. Wraz z piłką do siatkówki, usiłuje przeżyć kolejne dni na bezludnej wyspie.2000Cast Away - poza światem
74%
Wykładowca z Harvardu stara się rozwikłać sprawę tajemniczej śmierci w Luwrze. Zdarzenie, jak i jego działania, naprowadzają go na możliwość rozwiązania zagadki Świętego Graala.2006Kod da Vinci
65%
Obywatelowi Krakozji nie może zostać przydzielony wstęp do USA ani samolot powrotny, gdyż w jego kraju został przeprowadzony zamach stanu. Miejscem jego przymusowego pobytu staje się terminal lotniska, z którego potem usiłuje zostać usunięty.2004Terminal
64%
Fabularyzowana historia wylotu statku kosmicznego Apollo 13, w którym dochodzi do usterki w próżni kosmicznej.1995Apollo 13
63%
Amerykański detektyw bawi się w ganianego wraz z błyskotliwym i utalentowanym oszustem po całym świecie.2002Złap mnie, jeśli potrafisz
57%
Somalijscy piraci dokonują abordażu amerykańskiego frachtowca. Kapitan statku zaczyna toczyć walkę z własnym lękiem oraz grę psychologiczną z napastnikami.2013Kapitan Phillips
56%
Kiedy rozchodzi się wieść o byciu nosicielem AIDS, przedni adwokat-homoseksualista zostaje wydalony z pracy. Zhańbiony, postanawia rozpocząć walkę o własną godność pozywając swoich dawnych pracodawców.1993Filadelfia
50%
Właścicielka drobnej księgarni nawiązuje romans z potentatem jej fachu, który otworzył jedną ze swoich księgarni tuż obok jej placówki.1998Masz wiadomość
36%
Amerykański prawnik zostaje zesłany przez CIA do ZSRR, aby dokonać wymiany między wrogami.2015Most szpiegów
32%
"Cud na rzece Huston" przynosi amerykańskiemu pilotowi ogromną renomę na świecie. Niestety, działania jego pracodawców mogą zaprzepaścić jego zmagania i zniszczyć karierę.2016Sully
30%
Syn wdowca opowiada w audycji radiowej historię samotności swojego ojca. Zafascynowana całym zdarzeniem mężatka Annie, postanawia wyruszyć do Seattle, aby poznać się lepiej.1993Bezsenność w Seattle
28%
Postacie z różnych epok i zakątków świata, przeżywając swoje (nad)zwyczajne życie, mają wpływ na zmiany w przeszłości, teraźniejszości i przyszłości.2012Atlas chmur
20%
Młoda kobieta rozpoczyna pracę w znanej firmie informatycznej. Z czasem zaczyna dowiadywać się niepojętej prawdy o swoim pracodawcy.2017The Cirle. Krąg
18%
Grupa dziennikarzy prowadzi intensywną rozgrywkę z rządem. Obiektem pożądania są utajnione dokumenty obciążające najważniejszych zwierzchników państwa.2017Czwarta władza
17%
Dwunastolatek pragnie zostać już dorosłym. Po wypowiedzeniu życzenia w wesołym miasteczku, jego życzenie się spełnia. Po pewnym czasie; dorosłość okazuje się być przereklamowana dla niego.1988Duży
17%
Jedna z najsłynniejszych postaci amerykańskiej telewizji, Fred Rogers, naprowadza strudzonego życiem reportera na właściwą drogę.2019Cóż za piękny dzień
14%
Walt Disney stara się o prawa do realizacji "Mary Poppins" u jej autorki. Butna autorka nie zamierza ugiąć się pod presją i naciskiem słynnego producenta.2013Ratując pana Banksa
14%
Młodzieniec usiłuje znaleźć drzwi z zamkiem, do którego pasuje klucz pozostawiony mu przez jego ojca zmarłego w czasie zamachu na World Trade Center.2011Strasznie głośno, niesamowicie blisko
9%
Gangster wywiązuje się z obowiązków mafijnych będąc specem od czarnej roboty. Pewnego dnia jego syn zostaje naocznym świadkiem dokonanego przez niego przestępstwa. Całej rodzinie zaczyna grozić niebezpieczeństwo.2002Droga do zatracenia
6%
W dobie naborów wojskowych; dwie młode siostry podejmują się gry w nowo-utworzonej żeńskiej ligi baseballu. Trenowania drużyny podejmuje się wiecznie zapijaczony trener, który zaprzepaścił swoją karierę.1992Ich własna liga
6%
Młody chłopak zostaje uratowany z wody przez morską nimfę - syrenę. Sytuacja powtarza się po wielu latach. Tym razem bohater chce się czegoś więcej dowiedzieć od niej.1984Plusk
6%
Krnąbrny kongresmen stara się o przydzielenie pomocy wojskowej Afganistanowi, aby wyzbyć się swoich komunistycznych wrogów z tamtych ziem.2007Wojna Charliego Wilsona
6%
Zgraja partackich złodziei planuje zrobić podkop prowadzący wprost do skarbca kasyna. Największą przeszkodą na ich drodze nie jest grunt do przekopania, ale sędziwa Afroamerykanka, u której wynajmują dom. Panowie niedolnie usiłują dokonać morderstwa doskonałego.2004Ladykillers, czyli zabójczy kwintet
4%
Para młodych nowożeńców znajduje się w fatalnej sytuacji finansowej. Pozbawieni dachu nad głową, za pożyczone pieniądze wykupują willę na przedmieściach, która okazuję się być kompletną ruiną, pochłaniającym ich wszystkie oszczędności.1986Skarbonka
4%
Młody skrzypek zostaje wplątany w aferę szpiegowską z udziałem CIA. Powodem kontrowersji i całego zamieszania okazuje się być (nie)codzienny ubiór.1985Człowiek w czerwonym bucie
1%
Hipochondryk ubzdurał sobie, że za pół roku umrze. Ekscentryczny milioner, pochłonięty wizją zdobycią rzadkiego minerału, składa bohaterowi lukratywną ofertę, według której miałby on stać się ofiarą złożoną w wulkanie.1990Joe kontra wulkan
0%

Rozkład punktacji

Percentyl według liczby udzielonych odpowiedzi

Procent ludzi z każdym wynikiem

Twoja historia wyników

Nie rozwiązałeś tego quizu